[Event "VIE-ch U11"]
[Site "Ho Chi Minh City"]
[Date "2014.07.15"]
[Round "5"]
[White "Mai, Le Khoi Nguyen"]
[Black "Nguyen, Tien Phuc"]
[Result "1-0"]
[WhiteElo "1941"]
[BlackElo "1935"]
[PlyCount "47"]
[EventDate "2014.07.13"]
[EventType "swiss"]
[EventRounds "9"]
[EventCountry "VIE"]
[SourceTitle "EXT 2016"]
[Source "ChessBase"]
[SourceDate "2015.10.08"]
[SourceVersion "1"]
[SourceVersionDate "2015.10.08"]
[SourceQuality "1"]

1. e4 e5 2. Nf3 d6 3. d4 Nf6 4. dxe5 Nxe4 5. Bc4 c6 6. exd6 Nxd6 7. Bd3 Be7 8. 0-0 0-0 9. Bf4 Be6 10. Nbd2 Nd7 11. c3 Nc5 12. Bb1 Re8 13. h3 Bf5 14. Bxd6 Bd3 15. Bxe7 Qxe7 16. Bxd3 Nxd3 17. Qc2 Rad8 18. Nd4 Nb4 19. cxb4 Rxd4 20. Nf3 Rxb4 21. Rae1 Qf8 22. Rxe8 Qxe8 23. Re1 Qd8 24. Qd2 1-0